Capacity building in conflict zones: (Record no. 612)

MARC details
000 -LEADER
fixed length control field 006300000a22001810004500
005 - DATE AND TIME OF LATEST TRANSACTION
control field 20240605154638.0
008 - FIXED-LENGTH DATA ELEMENTS--GENERAL INFORMATION
fixed length control field 230817t2002 ||||| |||| 00| 0 eng d
020 ## - ISBN
ISBN 9555800634
082 ## - DEWEY DECIMAL CLASSIFICATION NUMBER
Classification number 305.4
Item number ALW
942 ## - ADDED ENTRY ELEMENTS (KOHA)
Item Type Reports
100 ## - MAIN ENTRY--PERSONAL NAME
Personal Name Alwis, Malathi de
700 ## - ADDED ENTRY--PERSONAL NAME
Personal name Hyndman, Jennifer
245 ## - TITLE STATEMENT
Title Capacity building in conflict zones:
Sub Title a feminist analysis of humanitarian assistance in Sri Lanka
260 ## - PUBLICATION, DISTRIBUTION, ETC. (IMPRINT)
Name of Publisher Colombo:
Place of Publication International Center for Ethnic Studies,
Date of Copyright 2002
300 ## - PHYSICAL DESCRIPTION
Extent 64 p., [5] leaves of plates : col. ill., map ; 22 cm.
650 ## - SUBJECT ADDED ENTRY--TOPICAL TERM
Topical Term Feminist ethics- Sri Lanka
650 ## - SUBJECT ADDED ENTRY--TOPICAL TERM
Topical Term Women- Sri Lanka -Social conditions
Holdings
Withdrawn status Lost status Damaged status Not for loan Permanent location Current location Date acquired Total Checkouts Full call number Barcode Date last seen Price effective from Koha item type
        Resource center, Muslim Women's Research And Action Forum Resource center, Muslim Women's Research And Action Forum 2023-08-17   305.4 DE RAF4109 2023-08-17 2023-08-17 Reports

Copyright © 2023 Muslim Women's Research and Action Forum (MWRAF), No 27/3, Anderson Road, Kalubowila, Dehiwela. Funded by The Asia Fundation